000 00744nam a22002177a 4500
001 13928
003 BD-JhCC
005 20240516090458.0
008 171031s1990 bg |||| |||| 000 0 b d
035 _a(BD-JhCC)13928
040 _aBD-JhCC
_dBD-JhCC
041 _abengali
082 _a928
_bKHA 1990
100 _aখান, নুরুর রহমান
245 _aসৈয়দ মুজতবা আলী :
_bজীবনকথা /
_cনুরুর রহমান খান
260 _aঢাকা :
_bবাংলা একাডেমী ঢাকা,
_c১৯৯০.
300 _a390 পৃ. :
_c২২ সেমি.
650 _aLiterary,
_zartistic and musical personalities
942 _2ddc
_cBK
999 _c13928
_d13928